000 00456nam a2200157 4500
001 148974
003 ES-MaACL
005 20230906202908.0
007 t|
008 070214q1951 sp r ||||1| spa d
100 1 _aSurroca y Vila, Juan.
_9108841
245 1 3 _aEl último de los Montilla
_b: comedia dramática /
_cJuan Surroca y Vila.
260 _a[s.l.] :
_b[s. n.],
_c[1951?]
300 _a48 p. ;
_c19 cm.
852 _aES-MaACL
_j1947-F-12
_bR.33157
999 _c148974
_d148974